Príspevok k formovaniu spoločenskej zodpovednosti podnikov
Spoločenská zodpovednosť firiem (CSR - corporate social responibility). Investičné rozhodovanie ako kombinácia finančných faktorov so sociálnymi, environmentálnymi a etickými faktormi. Problémy, ktoré súvisia s realizáciou podnikovej sociálnej politiky.
Uložené v:
| Hlavný autor: | |
|---|---|
| Ďalší autori: | |
| Médium: | Kapitola |
| Jazyk: | Slovak |
| Predmet: | |
| Tagy: |
Žiadne tagy, Buďte prvý, kto otaguje tento záznam!
|
MARC
| LEADER | 00000naa$a2200000$$$4500 | ||
|---|---|---|---|
| 001 | 0074978 | ||
| 005 | 20240502071900.9 | ||
| 041 | 0 | |a slo | |
| 044 | |a SK | ||
| 245 | 1 | 0 | |a Príspevok k formovaniu spoločenskej zodpovednosti podnikov |c Vojtech Stanek, Eva Pongráczová |
| 520 | |a Spoločenská zodpovednosť firiem (CSR - corporate social responibility). Investičné rozhodovanie ako kombinácia finančných faktorov so sociálnymi, environmentálnymi a etickými faktormi. Problémy, ktoré súvisia s realizáciou podnikovej sociálnej politiky. | ||
| 610 | 2 | 0 | |a zodpovednosť spoločenská |
| 610 | 2 | 0 | |a rozhodovanie investičné |
| 610 | 2 | 0 | |a zodpovednosť organizácie |
| 610 | 2 | 0 | |a podnik |
| 610 | 2 | 0 | |a politika sociálna |
| 610 | 2 | 0 | |a politika sociálna podniková |
| 100 | 1 | |a Stanek, Vojtech | |
| 700 | 1 | |a Pongráczová, Eva, 1971- | |